LEADER 00999nam a2200241 i 4500 001 000000163415 003 CaOOAMICUS 005 20070726000000.0 008 070726s1973 it u000 u ita u 013 $a140779 040 $aSeMil$bita 100 1 $aGreene, Graham,$d<1904-1991>.$0(OLS)http://semarc/name/15465 245 13$aIl console onorario :$bromanzo /$cGraham Greene ; traduzione di Gabriella Fiori. 260 $a[Milano] :$bArnoldo Mondadori Editore,$c1973. 300 $a326 p. ;$c21 cm. 490 0 $aScrittori italiani e stranieri 700 1 $aFiori, Gabriella.$0(OLS)http://semarc/name/34667 830 0$aScrittori italiani e stranieri.$0(OLS)http://semarc/title/2727 850 $aSeMil 852 $aSeMil$W1$xVenegono$y1$m1W III 319$j248918$B114709$CSeMilBibl$Z2$F125515 $81 961 $aRecupero: Altro 996 $6245$aIl console onorario :$bromanzo$9(OLS)http://semarc/title/233134 996 $6260$a[Milano] :$bArnoldo Mondadori Editore$9(OLS)http://semarc/publisher/29634 LEADER 01097nam a2200241 i 4500 001 000000102456 003 CaOOAMICUS 005 20241028111941.0 008 180830s1967 it u000 u ita u 040 $aSeMil$bita 245 00$aDizionario di centouno capolavori della letteratura latina /$c[a cura di Mario Geymonat]. 264 1$aMilano :$bBompiani,$c1967. 300 $a212 p. ;$c18 cm 490 1 $aGuide culturali Bompiani. Centouno capolavori ;$v5 650 4$aLetteratura latina.$0(OLS)http://semarc/subject/1921 700 1 $aGeymonat, Mario,$d<1941-2012>.$0(OLS)http://semarc/name/91409 830 0$aGuide culturali Bompiani :$bCentouno capolavori ;$v5.$0(OLS)http://semarc/title/450988 850 $aSeMil 852 $aSeMil$W1$xVenegono$y1$m1X I 263$j251908$B58968$CSeMilBibl$Z2$F69968 $81 961 $aRecupero dalla Biblioteca del Seminario di Seveso 996 $6245$aDizionario di centouno capolavori della letteratura latina$9(OLS)http://semarc/title/149130 996 $6264$aMilano :$bBompiani$9(OLS)http://semarc/publisher/29706